书目信息 |
| 题名: |
统计调查中的抽样设计理论与方法
|
|
| 作者: | 赵俊康 著 | |
| 分册: | ||
| 出版信息: | 北京 中国统计出版社 2002 |
|
| 页数: | 314页 | |
| 开本: | 20cm | |
| 丛书名: | ||
| 单 册: | ||
| 中图分类: | C811 | |
| 科图分类: | ||
| 主题词: | 抽样调查--设计 | |
| 电子资源: | ||
| ISBN: | 7-5037-3727-1 | |
| 000 | 00847nam0 2200241 450 | |
| 001 | 05002220913 | |
| 005 | 20050906160729.96 | |
| 010 | @a7-5037-3727-1@dCNY21.00 | |
| 100 | @a20041126d2002 ekmy0chiy0120 ea | |
| 101 | 0 | @achi |
| 102 | @aCN@b110000 | |
| 105 | @aak az 000yy | |
| 200 | 1 | @a统计调查中的抽样设计理论与方法@Atong ji diao cha zhong de chou yang she ji li lun yu fang fa@f赵俊康著@Fzhao jun kang zhu |
| 210 | @a北京@c中国统计出版社@d2002 | |
| 215 | @a314页@c图@d20cm | |
| 320 | @a有书目 | |
| 330 | @a本书从“设计”的角度对抽样调查的理论和方法进行系统研究,内容包括抽样方法的设计、抽样单位的设计、抽样框的设计、估计方法的设计、辅助变量的设计、样本轮换的设计等。 | |
| 606 | 0 | @a抽样调查@x设计 |
| 690 | @aC811@v4 | |
| 701 | 0 | @a赵俊康@Azhao jun kang@4著 |
| 801 | 0 | @aCN@bTSSF@c20050906 |
| 905 | @a10447@dC811@e33 | |
| 999 | @aHSJ | |
| 统计调查中的抽样设计理论与方法/赵俊康著.-北京:中国统计出版社,2002 |
| 314页:图;20cm |
| ISBN 7-5037-3727-1:CNY21.00 |
| 本书从“设计”的角度对抽样调查的理论和方法进行系统研究,内容包括抽样方法的设计、抽样单位的设计、抽样框的设计、估计方法的设计、辅助变量的设计、样本轮换的设计等。 |
| ● |
| 相关链接 |
|
|
|
|
正题名:统计调查中的抽样设计理论与方法
索取号:C811/33
 
预约/预借
| 序号 | 登录号 | 条形码 | 馆藏地/架位号 | 状态 | 备注 |
| 1 | 0360286 | 3602863 | 第一样本阅览室/ [索取号:C811/33] | 在馆 | |
| 2 | 0360287 | 3602872 | 第一借阅区/ [索取号:C811/33] | 在馆 | |
| 3 | 0360288 | 3602881 | 第一借阅区/ [索取号:C811/33] | 在馆 |